[Event "RUDAR 2 IM 2022"]
[Site "Pozarevac"]
[Date "2022.04.09"]
[Round "9.3"]
[White "Dudukovic, Nikola"]
[Black "Savitha Shri B"]
[Result "1-0"]
[WhiteElo "2362"]
[BlackElo "2257"]
[Annotator "TA"]
[PlyCount "79"]
[EventDate "2022.03.27"]
[EventType "tourn"]
[EventCountry "SRB"]
[SourceTitle "playchess.com"]
[Source "ChessBase"]
[SourceQuality "1"]
[TimeControl "40/5400+30:900+30"]

{[%evp 18,79,35,36,52,36,51,39,48,41,93,125,151,148,152,150,153,149,191,189,188,183,184,175,191,190,229,225,240,253,241,197,248,240,310,295,372,368,350,347,456,432,443,330,532,547,552,544,617,563,898,924,869,835,913,904,1139,1102,1855,1806,2452,2275,2127,2037]} 1. d4 {[%emt 0:00:14]} Nf6 {[%emt 0:01:10]} 2. Nf3 {[%emt 0:00:21]} g6 {[%emt 0:00:18]} 3. g3 {[%emt 0:00:08]} Bg7 {[%emt 0:00:08]} 4. Bg2 {[%emt 1:31:47]} c5 {[%emt 0:02:12]} 5. d5 {[%emt 0:00:00]} d6 {[%emt 0:00:27]} 6. O-O {[%emt 0:00:00]} e6 {[%emt 0:02:28]} 7. c4 {[%emt 0:00:00]} exd5 {[%emt 0:01:07]} 8. cxd5 {[%emt 0:00:00]} O-O {[%emt 0:06:04]} 9. Nc3 {[%emt 0:00:00]} Na6 {[%emt 0:02:08]} 10. e4 {[%emt 0:00:00]} Nc7 {[%emt 0:03:21] A62: Modern Benoni: Fianchetto Variation without early ...Nbd7.} 11. a4 {[%emt 0:00:00]} a6 {[%emt 0:02:25]} 12. Bf4 {[%emt 0:00:00]} Re8 {[%emt 0:12:33] White is slightly better.} 13. Re1 {[%emt 0:00:00]} Nh5 {[%emt 0:09:03]} (13... Bg4 $14) 14. Bg5 $16 {[%emt 0:00:00]} f6 {[%emt 0:01:08] [#]} 15. Be3 {[%emt 0:00:00]} Bd7 {[%emt 0:01:16]} 16. Nd2 $36 {[%emt 0:00:00][%mdl 2048] aiming for g4. Keeping Black busy.} Bf8 {[%emt 0:00:18] [#]} 17. a5 $146 {[%emt 0:00:00]} ({Predecessor:} 17. Nc4 b5 18. Na5 Qc8 19. Nc6 b4 20. Nb1 Ne6 21. Na5 Nd8 22. Nc4 Rb8 23. Nbd2 {1-0 (42) Filip,M-Barendregt,J Marianske Lazne 1961}) 17... Bb5 {[%emt 0:08:53]} 18. f4 {[%emt 0:00:00]} Ng7 {[%emt 0:02:49]} 19. Nf3 {[%emt 0:00:00]} Bd7 {[%emt 0:01:33]} 20. Bf2 {[%emt 0:00:00]} Nb5 {[%emt 0:08:14]} 21. Na4 {[%emt 0:00:00][%cal Bc3a4,Ba4b6,Bb6c4][%mdl 32]} Qc7 {[%emt 0:03:50]} 22. Nb6 {[%emt 0:00:00]} Rad8 {[%emt 0:00:06]} 23. h3 {[%emt 0:00:00]} Re7 {[%emt 0:03:34]} 24. Nc4 {[%emt 0:00:00]} Bc8 {[%emt 0:03:16]} (24... Qc8 $142) 25. Rc1 $18 {[%emt 0:00:00]} Rde8 {[%emt 0:02:05]} 26. e5 {[%emt 0:00:00]} fxe5 {[%emt 0:01:32]} 27. fxe5 {[%emt 0:00:00]} Qd8 {[%emt 0:05:51]} 28. g4 {[%emt 0:00:00]} Rf7 {[%emt 0:01:36]} 29. e6 {[%emt 0:00:00]} Rc7 {[%emt 0:04:35]} 30. b4 {[%emt 0:00:00]} Be7 $2 {[%emt 0:01:57] [#]} (30... cxb4 31. Bb6 Nc3) 31. bxc5 {[%emt 0:00:00] White is clearly winning.} dxc5 {[%emt 0:00:28]} 32. Bg3 {[%emt 0:00:00]} Nd6 {[%emt 0:00:42]} 33. Nfd2 {[%emt 0:00:00]} Rf8 {[%emt 0:00:25]} 34. Nxd6 {[%emt 0:00:11]} Bxd6 {[%emt 0:00:06]} 35. Bxd6 {[%emt 0:00:05]} Qxd6 {[%emt 0:00:09]} 36. Ne4 {[%emt 0:00:25]} Qf4 {[%emt 0:03:59]} 37. d6 {[%emt 0:00:18]} Rc6 {[%emt 0:00:09]} 38. e7 {[%emt 0:00:51] Active counter play!} Re8 {[%emt 0:00:37]} 39. Rf1 {[%emt 0:03:50]} Qe3+ {[%emt 0:00:22]} 40. Kh1 {[%emt 0:00:00] White took control after the opening.  Weighted Error Value: White=0.09 (flawless) /Black=0.40} 1-0

[Event "RUDAR 2 IM 2022"]
[Site "Pozarevac"]
[Date "2022.04.09"]
[Round "9.4"]
[White "Bryakin, Mikhail"]
[Black "Rajkovic, Aleksandar"]
[Result "1-0"]
[WhiteElo "2481"]
[BlackElo "2181"]
[Annotator "TA"]
[PlyCount "63"]
[EventDate "2022.03.27"]
[EventType "tourn"]
[EventCountry "SRB"]
[SourceTitle "playchess.com"]
[Source "ChessBase"]
[SourceQuality "1"]
[TimeControl "40/5400+30:900+30"]

{[%evp 15,63,39,50,31,66,47,53,44,55,47,48,24,25,25,26,28,39,38,51,44,43,45,87,97,170,154,179,180,185,138,134,149,205,198,211,198,206,207,207,206,211,200,242,221,239,228,228,221,518,511]} 1. d4 {[%emt 0:00:22]} d5 {[%emt 0:03:30]} 2. Nf3 {[%emt 0:00:18]} Nf6 {[%emt 0:00:07]} 3. c4 {[%emt 0:00:08]} e6 {[%emt 0:00:05]} 4. g3 {[%emt 0:00:09]} Ne4 {[%emt 0:01:05]} 5. Bg2 {[%emt 0:00:42]} f5 {[%emt 0:00:06]} 6. O-O {[%emt 0:00:20]} Be7 {[%emt 0:01:31]} 7. Qc2 {[%emt 0:00:14]} c6 {[%emt 0:00:08]} 8. Nbd2 {[%emt 0:00:40]} O-O {[%emt 0:00:08]} 9. Rd1 {[%emt 0:00:37] [#] A92: Classical Dutch: Classical Stonewall (with ...Be7): Early deviations.} Bd7 $146 {[%emt 0:01:44]} ({Predecessor:} 9... Nd7 10. Ne1 h5 11. Nd3 Bd6 12. f3 Nef6 13. Nf1 Qe8 14. Nf2 h4 15. cxd5 exd5 {½-½ (51) Gholami Orimi,M (2430)-Theekshana,H (2045) Tornelo INT 2021}) 10. Ne5 {[%emt 0:00:39][%cal Rd2e4]} Nxd2 {[%emt 0:00:56]} 11. Bxd2 {[%emt 0:00:34] White is slightly better.} Be8 {[%emt 0:00:08]} 12. Rac1 {[%emt 0:03:50]} Nd7 {[%emt 0:04:03]} 13. Bf4 {[%emt 0:02:55]} g5 {[%emt 0:01:58]} 14. Nxd7 {[%emt 0:03:04]} Qxd7 {[%emt 0:00:11]} 15. Be5 {[%emt 0:00:08]} Bg6 {[%emt 0:01:21]} 16. Qd2 {[%emt 0:04:57]} a5 {[%emt 0:03:20]} 17. c5 {[%emt 0:06:39]} h6 {[%emt 0:01:16]} 18. Rc3 {[%emt 0:04:07]} Rae8 {[%emt 0:09:36]} 19. Ra3 {[%emt 0:02:04]} b6 {[%emt 0:03:40]} (19... Bd8 $16 {keeps fighting.}) 20. cxb6 $18 {[%emt 0:02:32]} Bxa3 {[%emt 0:01:01]} 21. bxa3 {[%emt 0:00:10]} Ra8 {[%emt 0:00:39]} 22. Rc1 {[%emt 0:01:57]} ({Better is} 22. h4 $18) 22... Qb7 $16 {[%emt 0:01:05]} 23. Bc7 {[%emt 0:01:45] &Bianco is much more active. A strong pair of Bishops.} Rfc8 {[%emt 0:00:56]} (23... Ra6 $16 {was worth a try.}) 24. h4 $18 {[%emt 0:01:00]} Rxc7 {[%emt 0:03:48]} 25. bxc7 {[%emt 0:00:05]} Qxc7 {[%emt 0:00:55]} 26. hxg5 {[%emt 0:00:08]} hxg5 {[%emt 0:00:28]} 27. Qxg5 {[%emt 0:00:08]} Kf7 {[%emt 0:00:15]} 28. Bf3 {[%emt 0:04:03]} Rg8 {[%emt 0:07:17]} 29. e3 {[%emt 0:00:51]} Qe7 {[%emt 0:02:16]} 30. Qxe7+ {[%emt 0:00:28]} Kxe7 {[%emt 0:00:05]} 31. Rxc6 {[%emt 0:00:18]} Ra8 $2 {[%emt 0:00:39] [#]} (31... Bf7 {is a better defense.} 32. Ra6 Rb8 33. Rxa5 Be8) 32. Bxd5 $1 {[%emt 0:00:31][%mdl 512] Weighted Error Value: White=0.08 (flawless) /Black=0.32} 1-0